Droughts and integrated water resource management in South Asia : (Record no. 19357)

MARC details
000 -LEADER
fixed length control field 01184cam a22002898a 4500
005 - DATE AND TIME OF LATEST TRANSACTION
control field 20081021150543.0
008 - FIXED-LENGTH DATA ELEMENTS--GENERAL INFORMATION
fixed length control field 081021s2008 ii b 001 0 eng
010 ## - LCCN (DPL NO)
LC control number ENG-91944
020 ## - INTERNATIONAL STANDARD BOOK NUMBER
International Standard Book Number 9788178298597
Terms of availability 695.00
035 ## - SYSTEM CONTROL NUMBER
System control number EN-75477
037 ## - SOURCE OF ACQUISITION
Source of stock number/acquisition DBAD / PUB
040 ## - CATALOGING SOURCE
Original cataloging agency dpl
Language of cataloging English
082 ## - DEWEY DECIMAL CLASSIFICATION NUMBER
Classification number 363.34929
245 ## - TITLE STATEMENT
Title Droughts and integrated water resource management in South Asia :
Remainder of title issues, alternatives, and futures /
Statement of responsibility, etc edited by Jasveen Jairath [and] Vishwa Ballabh.
260 ## - PUBLICATION, DISTRIBUTION, ETC. (IMPRINT)
Place of publication, distribution, etc New Delhi ;
Name of publisher, distributor, etc SAGE Publications
Date of publication, distribution, etc 2008
300 ## - PHYSICAL DESCRIPTION
Extent xx, 356p.
Dimensions 22cm (Hb)
490 ## - SERIES STATEMENT
Series statement Water in South Asia / edited by Peter P. Molinga; vol. 2
500 ## - GENERAL NOTE
General note Includes index.
650 ## - SUBJECT ADDED ENTRY--TOPICAL TERM
Topical term or geographic name as entry element Droughts
Geographic subdivision South Asia.
650 ## - SUBJECT ADDED ENTRY--TOPICAL TERM
Topical term or geographic name as entry element Droughts
General subdivision Social aspects
Geographic subdivision South Asia.
650 ## - SUBJECT ADDED ENTRY--TOPICAL TERM
Topical term or geographic name as entry element Droughts
General subdivision Government policy
Geographic subdivision South Asia.
650 ## - SUBJECT ADDED ENTRY--TOPICAL TERM
Topical term or geographic name as entry element Water-supply
General subdivision Management
Geographic subdivision South Asia.
700 ## - ADDED ENTRY--PERSONAL NAME
Personal name Jairath, Jasveen.
700 ## - ADDED ENTRY--PERSONAL NAME
Personal name Ballabh, Vishwa,
942 ## - ADDED ENTRY ELEMENTS (KOHA)
Source of classification or shelving scheme Dewey Decimal Classification
Item type English Books
Classification part 363.34929
Call number suffix DRO
Holdings
Withdrawn status Lost status Source of classification or shelving scheme Damaged status Not for loan Collection code Home library Current library Date acquired Source of acquisition Cost, normal purchase price Total Checkouts Full call number Barcode Date last seen Copy number Cost, replacement price Koha item type
    Dewey Decimal Classification   Not For Loan Non-fiction D.B.Act.Division D.B.Act.Division 02/12/2008 DBAD / PUB 695.00   363.34929 DRO EN-75477 02/12/2008 1 695.00 English Books

© Delhi Public Library
Hit Counter
free hit counter